00704nam a2200169 a 450000100100000000500170001000800410002704000250006808200140009324500180010726000660012530000200019149000610021183000680027295201770034099900170051700003234220200930065606.0110714s1995 dr 000 0 spa d aDO-SdBNPbspacBNPHU axxxbM53300aMembresías. aSanto Domingo :bSociedad Dominicana de Bibliófilos,c1995. a38 p. ;c22 cm.1 aSociedad Dominicana de Bibliófilos. Suplementovno. 16 0aSociedad Dominicana de Bibliófilos. Suplementonno. 16958346 0010718PDaPDbPDcCTd2011-07-14iLF1l0oxxx M533p32342-10r2020-06-25w2020-06-25yLFPDzPerteneció a la biblioteca personal de Germán Emilio Ornes.ZNo se presta c31833d31833